000 01215nam a22003737a 4500
003 CHAP
005 20220329133720.0
008 971013s1993 r 00010 d
010 _a9866
011 _a10838
035 _a10076
040 _cCHAP
090 _aTesis
100 0 0 _aTetumo García, Jorge.
_9112504
245 _aApuntes de hidrología superficial
260 _aChapingo, Méx. :
_bEl autor,
_c1993
300 _a283 h.
_b: ilus. ; gráfs
502 _aTesis (Ing. Agr. Esp. en Irrigación) -- UACH. Departamento de Irrigación
590 _aALEPH
_b10
_c20130110
_lUCH01
_h1225
590 _aBATCH-UPD
_b10
_c20130110
_lUCH01
_h0912
590 _aBATCH-UPD
_b10
_c20130410
_lUCH01
_h0537
590 _aBATCH-UPD
_b10
_c20130914
_lUCH01
_h0425
590 _aCONVERSION
_b10
_c20130109
_lUCH01
_h1306
650 1 4 _aAtmósfera.
_98260
650 1 4 _aEscurrimiento.
_937675
650 1 4 _aHidrología.
_955257
650 1 4 _aIrrigación
_xEstudio y enseñanza.
_960409
650 1 4 _aLluvia.
_967312
650 1 4 _aSedimentación y deposición.
_9103571
901 _aBK
942 _cFOLL
949 _bBC
_cTES
_d-21447
_eTS1
_h26591
_i10076
_si
949 _bBC
_cTES
_d33724000878575
_eTS2
_fc.2
_h39761
_i10076
_si
999 _c9866
_d9866